32 týždňov šialenstva , [-alebo, Čo sa dialo v zákulisí] Slovensko hľadá SuperStar

Bibliographic Details
Main Authors: Šarkanová, Helena (Author), Kafka, Rado (Author)
Other Authors: Frolo, Peter (Photographer)
Format: Book
Language:Slovak
PhysicalDescription:159 s. fareb. fotogr. 29 cm
Published: Bratislava Ikar Ringier Slovakia c 2005
ISBN:8055110328
808525834X
Edition:[1. ] slov. vyd.
Subjects:

MARC

LEADER 00000nam a2200000 a 4500
001 vtls008159070
003 SK-MaSNL
005 20260426014625.0
008 240314s2005 xo o g 000 0dslo
015 |a SNBA2005/07-02620 
020 |a 8055110328  |q (viaz. : Ikar) 
020 |a 808525834X  |q (viaz. : Ringier) 
035 |a 55C94660-446B-4FD0-BEF1-7316B41C46C8 
035 |a urn:nbn:sk:snk-amjug7 
035 |a urn:nbn:sk:snk-am0057v4 
040 |a SNK  |b slo  |c SNK  |e AACR2 
041 0 |a slo 
043 |a e-xo--- 
044 |a xo 
072 7 |a 784  |x Vokálna hudba  |2 konspekt 
080 |a 7.097  |2 1997 
080 |a 7.092:654.198  |2 1997 
080 |a (437.6)  |2 1997 
080 |a (048.8)  |2 1997 
080 |a 784.092  |2 1997 
100 1 |a Šarkanová, Helena  |4 aut  |9 739159 
245 1 0 |a 32 týždňov šialenstva , [-alebo, Čo sa dialo v zákulisí]  |b Slovensko hľadá SuperStar  |c Helena Šarkanová, Rado Kafka; [foto: Peter Frolo ... [et al.]] 
246 3 |a Tridsaťdva týždňov šialenstva 
250 |a [1. ] slov. vyd. 
260 |a Bratislava  |b Ikar  |b Ringier Slovakia  |c c 2005 
300 |a 159 s.  |b fareb. fotogr.  |c 29 cm 
504 |a Biogr. údaje 
611 2 7 |a Slovensko hľadá SuperStar  |n (1. :  |d 2005)  |2 SNKKA  |9 97369 
648 7 |a 2004-2005  |2 SNKPH  |9 357340 
650 0 7 |a spevácke súťaže  |2 SNKPH  |9 72693 
650 0 7 |a televízne programy  |2 SNKPH  |9 2912 
650 0 7 |a televízne súťaže  |2 SNKPH  |9 2911 
651 7 |a Slovensko  |2 SNKPHgeo  |9 14231 
655 7 |a monografie  |2 SNKPH  |9 70139 
700 1 |a Kafka, Rado  |4 aut  |9 739160 
700 1 |a Frolo, Peter  |4 pht  |9 364032 
919 |a 80-551-1032-8 
968 |d 78 
999 |c 1163315  |d 1165245 
952 |a SNK  |b SNK  |y PREZ  |7 0  |p 17A0472287  |o snkSB 70549  |i snk2005/9876  |8 0  |0 0  |1 0  |4 0  |d 2005-06-08  |l 0  |r 2025-04-22 00:00:00  |w 2026-02-24 
952 |a SNK  |b SNK  |y VYP  |7 0  |p 17A0476100  |o snkSB 70549 D1  |i snk2005/10652  |8 0  |0 0  |1 0  |4 0  |d 2005-06-20  |f 1  |l 0  |r 2016-06-30 00:00:00  |w 2026-02-24